Państwa według podpowiedzi - litera C - Statystyki

Ogólne statystyki
  • Ten quiz został rozwiązany 37 razy
  • Średni wynik to 6 z 7
Statystyki odpowiedzi
Podpowiedź Państwo % Poprawnych
Jest najbardziej wysunięte na południe ze wszystkich państw Ameryki Południowej Chile
100%
Nazywane jest wyspą kotów Cypr
97%
Makau - miasto leżące w tym państwie jest stolicą hazardu Chiny
84%
Jego narodowym kwiatem jest Irys Chorwacja
84%
Najwyżej położonym miastem w tym państwie jest Žabljak Czarnogóra
84%
Ponad połowa jego mieszkańców to muzułmanie Czad
81%
Wynaleziono tam kostki cukru Czechy
81%
Nie znaleziono quizów pasujących do podanych kryteriów
Rozkład punktacji
Procent ludzi z każdym wynikiem
Percentyl według liczby udzielonych odpowiedzi
Twoja historia wyników
Nie rozwiązałeś tego quizu